[Event "Heart of Finland op 31st"]
[Site "Jyvaskyla"]
[Date "2023.07.20"]
[Round "6"]
[White "Parkkinen, Jyrki"]
[Black "Norlamo, Sarabella"]
[Result "1-0"]
[WhiteElo "2086"]
[BlackElo "1863"]
[PlyCount "125"]
[EventDate "2023.07.17"]
[EventType "swiss"]
[EventRounds "9"]
[EventCountry "FIN"]
[SourceTitle "CBM 215 Extra"]
[Source "ChessBase"]
[SourceDate "2023.09.30"]
[SourceVersion "1"]
[SourceVersionDate "2023.09.30"]
[SourceQuality "1"]

1. Nf3 c5 2. c4 Nc6 3. d4 cxd4 4. Nxd4 g6 5. e3 Bg7 6. Nc3 Nf6 7. Be2 0-0 8. 0-0 d6 9. b3 Bd7 10. Bb2 Re8 11. Rc1 Rc8 12. Qd2 Qa5 13. Rfd1 Nxd4 14. exd4 a6 15. a3 Qb6 16. b4 Qa7 17. h3 a5 18. c5 axb4 19. axb4 dxc5 20. dxc5 Be6 21. Nb5 Qb8 22. Nd4 Bd7 23. Bc4 Kf8 24. Bb3 Rcd8 25. Qe2 Kg8 26. Nf3 e6 27. Be5 Qc8 28. b5 Nh5 29. Bxg7 Nxg7 30. c6 bxc6 31. bxc6 Bxc6 32. Rxd8 Rxd8 33. Ne5 Rd6 34. Ba4 Nf5 35. Rxc6 Rxc6 36. Nxc6 Qa8 37. Qb5 Kg7 38. Bc2 Qa1+ 39. Kh2 Qf6 40. Bxf5 exf5 41. Qe5 Qxe5+ 42. Nxe5 Kf6 43. f4 Kg7 44. Kg3 Kf6 45. Kf3 Ke6 46. Ke3 f6 47. Nf3 Kd5 48. Kd3 Ke6 49. Kd4 Kd6 50. g3 Kc6 51. h4 Kd6 52. h5 Ke6 53. Kc5 Kf7 54. Kd6 Kg7 55. hxg6 hxg6 56. Ke6 g5 57. Kxf5 gxf4 58. gxf4 Kf7 59. Nd2 Ke7 60. Ne4 Kf7 61. Nxf6 Kf8 62. Ke6 Kg7 63. Nd7 1-0

[Event "Helsinki-ch Master"]
[Site "Helsinki"]
[Date "2020.01.05"]
[Round "7"]
[White "Parkkinen, Jyrki"]
[Black "Elomaa, Arto"]
[Result "1/2-1/2"]
[WhiteElo "2135"]
[BlackElo "2140"]
[PlyCount "156"]
[EventDate "2019.12.28"]
[EventType "tourn"]
[EventRounds "7"]
[EventCountry "FIN"]
[SourceTitle "EXT 2021"]
[Source "ChessBase"]
[SourceDate "2020.10.23"]
[SourceVersion "1"]
[SourceVersionDate "2020.10.23"]
[SourceQuality "1"]

1. c4 c6 2. Nf3 d5 3. cxd5 cxd5 4. d4 Nf6 5. Nc3 Nc6 6. Ne5 e6 7. Nxc6 bxc6 8. g3 Bb4 9. Bg2 0-0 10. 0-0 Ba6 11. Re1 c5 12. Qa4 Qb6 13. a3 Bxc3 14. bxc3 cxd4 15. Qxd4 Qxd4 16. cxd4 Rfc8 17. Bg5 Ne4 18. Be7 Rc2 19. Bxe4 dxe4 20. e3 Bd3 21. Bc5 h6 22. Rab1 a6 23. Rec1 Ra2 24. Rb7 Rc8 25. g4 Rc2 26. Rxc2 Bxc2 27. Kg2 Rd8 28. f4 exf3+ 29. Kxf3 f5 30. gxf5 exf5 31. Ra7 Bd3 32. h4 Re8 33. Bd6 g5 34. hxg5 hxg5 35. Be5 Kf8 36. Rh7 Re6 37. a4 Rb6 38. Rg7 Be4+ 39. Kg3 Rb3 40. Rxg5 Rxe3+ 41. Kf2 Rf3+ 42. Ke2 Rb3 43. Kd2 Ke8 44. Rg6 a5 45. Re6+ Kd7 46. Ra6 f4 47. Rd6+ Ke7 48. Bxf4 Rb4 49. Ke3 Bc2 50. Ra6 Rxa4 51. d5 Re4+ 52. Kf3 a4 53. Ra7+ Kf6 54. d6 Rd4 55. Ra6 Ke6 56. Ra7 Rxf4+ 57. Kxf4 Kxd6 58. Ra8 Kd5 59. Ke3 Bb3 60. Kd3 Bc4+ 61. Kc3 Bb3 62. Re8 Kc5 63. Re5+ Kd6 64. Rg5 Ke6 65. Ra5 Kd6 66. Kd4 Ke6 67. Ke4 Bc2+ 68. Kd4 Bb3 69. Re5+ Kd6 70. Re3 Kc6 71. Rg3 Kb5 72. Rg6 Bc2 73. Rg8 Bb3 74. Rc8 Be6 75. Rc5+ Kb6 76. Re5 Bb3 77. Kc3 Kc6 78. Rg5 Kb6 1/2-1/2

[Event "Helsinki-ch Master"]
[Site "Helsinki"]
[Date "2020.01.02"]
[Round "5"]
[White "Parkkinen, Jyrki"]
[Black "Aalto, Patrik"]
[Result "0-1"]
[WhiteElo "2135"]
[BlackElo "2112"]
[PlyCount "48"]
[EventDate "2019.12.28"]
[EventType "tourn"]
[EventRounds "7"]
[EventCountry "FIN"]
[SourceTitle "EXT 2021"]
[Source "ChessBase"]
[SourceDate "2020.10.23"]
[SourceVersion "1"]
[SourceVersionDate "2020.10.23"]
[SourceQuality "1"]

1. Nf3 d5 2. c4 d4 3. e3 Nc6 4. b4 dxe3 5. fxe3 Nxb4 6. d4 e6 7. a3 Nc6 8. Nc3 Nf6 9. Bb2 Bd6 10. Be2 0-0 11. Qd3 e5 12. Ne4 Nxe4 13. Qxe4 exd4 14. Nxd4 Nxd4 15. exd4 Re8 16. Qf3 Qh4+ 17. Kf1 Re4 18. g3 Qe7 19. Re1 Bh3+ 20. Kf2 Re8 21. Qh5 g6 22. Qf3 Re3 23. c5 Bxc5 24. dxc5 Rxf3+ 0-1

[Event "Heart of Finland op 29th"]
[Site "Jyvaskyla"]
[Date "2019.07.21"]
[Round "9"]
[White "Pessi, Juha"]
[Black "Parkkinen, Jyrki"]
[Result "1/2-1/2"]
[WhiteElo "2058"]
[BlackElo "2130"]
[PlyCount "78"]
[EventDate "2019.07.15"]
[EventType "swiss"]
[EventRounds "9"]
[EventCountry "FIN"]
[SourceTitle "EXT 2021"]
[Source "ChessBase"]
[SourceDate "2020.10.23"]
[SourceVersion "1"]
[SourceVersionDate "2020.10.23"]
[SourceQuality "1"]

1. d4 Nf6 2. c4 e6 3. g3 e5 4. Nc3 exd4 5. Qxd4 Nc6 6. Qd1 Bb4 7. Nf3 d5 8. cxd5 Nxd5 9. Bd2 0-0 10. Nxd5 Qxd5 11. a3 Bxd2+ 12. Qxd2 Be6 13. Bg2 Rfd8 14. Qxd5 Bxd5 15. 0-0 Bxf3 16. Bxf3 Nd4 17. Kg2 Nxf3 18. Kxf3 Rd2 19. Rab1 Rad8 20. Rfc1 c6 21. Rc3 Kf8 22. Rb3 R8d7 23. Rc1 Re7 24. e4 Red7 25. Ke3 Ke7 26. Rxb7 Rxb7 27. Kxd2 Rxb2+ 28. Rc2 Rb6 29. f4 Kd6 30. Kc3 Kc7 31. Rb2 Ra6 32. Kb4 f6 33. Rb3 Kd6 34. Rd3+ Kc7 35. Rb3 h5 36. a4 c5+ 37. Kb5 Rb6+ 38. Kc4 Ra6 39. Kb5 Rb6+ 1/2-1/2

[Event "Helsinki HSL Summer op"]
[Site "Helsinki"]
[Date "2018.07.01"]
[Round "4"]
[White "Elomaa, Arto"]
[Black "Parkkinen, Jyrki"]
[Result "1/2-1/2"]
[WhiteElo "2156"]
[BlackElo "2130"]
[PlyCount "74"]
[EventDate "2018.06.30"]
[EventType "swiss"]
[EventRounds "4"]
[EventCountry "FIN"]
[SourceTitle "EXT 2021"]
[Source "ChessBase"]
[SourceDate "2020.10.23"]
[SourceVersion "1"]
[SourceVersionDate "2020.10.23"]
[SourceQuality "1"]

1. d4 d5 2. Nf3 c5 3. c4 Nf6 4. cxd5 cxd4 5. Qxd4 Qxd5 6. Nc3 Qxd4 7. Nxd4 a6 8. Bg5 e6 9. g3 Bd7 10. Bg2 Nc6 11. Nxc6 Bxc6 12. Bxc6+ bxc6 13. Bxf6 gxf6 14. 0-0-0 f5 15. e4 fxe4 16. Nxe4 Rd8 17. Rxd8+ Kxd8 18. Rd1+ Kc7 19. Kc2 Be7 20. Rd3 h5 21. h4 f5 22. Ng5 Bxg5 23. hxg5 h4 24. gxh4 Rxh4 25. Rg3 Kd6 26. g6 Rh8 27. Rd3+ Ke7 28. Kd2 Rb8 29. b3 Rg8 30. Rc3 Kd6 31. Rd3+ Ke7 32. Rc3 Rc8 33. Rc5 Kf6 34. Ra5 Kxg6 35. Rxa6 f4 36. Ra5 Rd8+ 37. Ke2 Kf6 1/2-1/2

[Event "FIN-chT 1718"]
[Site "Finland"]
[Date "2018.02.03"]
[Round "7.8"]
[White "Vakeva, Jani"]
[Black "Parkkinen, Jyrki"]
[Result "1-0"]
[WhiteElo "2172"]
[BlackElo "2144"]
[PlyCount "85"]
[EventDate "2017.09.16"]
[EventType "team-tourn"]
[EventRounds "11"]
[EventCountry "FIN"]
[SourceTitle "EXT 2019"]
[Source "ChessBase"]
[SourceDate "2018.10.10"]
[SourceVersion "1"]
[SourceVersionDate "2018.10.10"]
[SourceQuality "1"]
[WhiteTeam "Kotka KymS"]
[BlackTeam "Helsinki HSK"]
[WhiteTeamCountry "FIN"]
[BlackTeamCountry "FIN"]

1. d4 e6 2. c4 Nf6 3. Nf3 d5 4. g3 dxc4 5. Qa4+ Nbd7 6. Qxc4 a6 7. Bg2 b5 8. Qc2 Bb7 9. 0-0 c5 10. Rd1 cxd4 11. Nxd4 Bxg2 12. Kxg2 Rc8 13. Qd2 Bc5 14. b3 Qc7 15. Bb2 0-0 16. Qg5 h6 17. Qh4 Bxd4 18. Bxd4 Qc2 19. Nd2 e5 20. Be3 Qf5 21. a4 Ng4 22. Nf1 Ndf6 23. f3 g5 24. Qh3 Nxe3+ 25. Nxe3 Qxh3+ 26. Kxh3 Rc3 27. Nf5 Kh7 28. axb5 g4+ 29. fxg4 axb5 30. Ra6 Ne4 31. Rxh6+ Kg8 32. Rd5 Rxb3 33. Rxe5 Ng5+ 34. Kh4 Ne6 35. Nd6 Kg7 36. Reh5 Nd4 37. Nf5+ Nxf5+ 38. gxf5 Rg8 39. f6+ Kf8 40. Rc5 Rb4+ 41. Kh3 Re4 42. Rxb5 Rxe2 43. Rh7 1-0

[Event "FIN-chT 1718"]
[Site "Finland"]
[Date "2017.12.02"]
[Round "5.8"]
[White "Soderberg, Stefan"]
[Black "Parkkinen, Jyrki"]
[Result "0-1"]
[WhiteElo "1977"]
[BlackElo "2144"]
[PlyCount "98"]
[EventDate "2017.09.16"]
[EventType "team-tourn"]
[EventRounds "11"]
[EventCountry "FIN"]
[SourceTitle "EXT 2019"]
[Source "ChessBase"]
[SourceDate "2018.10.10"]
[SourceVersion "1"]
[SourceVersionDate "2018.10.10"]
[SourceQuality "1"]
[WhiteTeam "Karjaa KarjUra"]
[BlackTeam "Helsinki HSK"]
[WhiteTeamCountry "FIN"]
[BlackTeamCountry "FIN"]

1. Nf3 c5 2. g3 g6 3. Bg2 Bg7 4. 0-0 Nc6 5. d3 d5 6. c3 e6 7. Qc2 Nge7 8. Nbd2 b6 9. Rb1 Bb7 10. e3 Rc8 11. a3 Qd6 12. b3 0-0 13. Bb2 Rfd8 14. Rbd1 Rd7 15. Qb1 Ba6 16. c4 Ne5 17. Nxe5 Bxe5 18. d4 cxd4 19. exd4 Bg7 20. c5 Qb8 21. Rfe1 Nf5 22. b4 Bxd4 23. g4 Bxb2 24. Qxb2 Nh4 25. b5 bxc5 26. Ne4 dxe4 27. Rxd7 Qxb5 28. Qxb5 Bxb5 29. Rdd1 Nxg2 30. Kxg2 a6 31. Kg3 c4 32. h4 c3 33. a4 Bxa4 34. Ra1 Bc2 35. Rac1 Bd3 36. f3 f5 37. h5 c2 38. fxe4 fxe4 39. Kf4 Rc5 40. h6 Kf7 41. Rg1 g5+ 42. Ke3 Rb5 43. Ra1 Rb1 44. Kd2 Kf6 45. Re1 Ke5 46. Ke3 Kd5 47. Rc1 Ke5 48. Kd2 Kf4 49. Ra5 e3+ 0-1

[Event "FIN-chT 1718"]
[Site "Finland"]
[Date "2017.10.21"]
[Round "3.7"]
[White "Parkkinen, Jyrki"]
[Black "Anttila, Perttu"]
[Result "0-1"]
[WhiteElo "2144"]
[BlackElo "2200"]
[PlyCount "102"]
[EventDate "2017.09.16"]
[EventType "team-tourn"]
[EventRounds "11"]
[EventCountry "FIN"]
[SourceTitle "EXT 2019"]
[Source "ChessBase"]
[SourceDate "2018.10.10"]
[SourceVersion "1"]
[SourceVersionDate "2018.10.10"]
[SourceQuality "1"]
[WhiteTeam "Helsinki HSK"]
[BlackTeam "Vantaa EtVaS"]
[WhiteTeamCountry "FIN"]
[BlackTeamCountry "FIN"]

1. Nf3 f5 2. d3 Nf6 3. e4 fxe4 4. dxe4 Nxe4 5. Bd3 Nf6 6. Ng5 g6 7. h4 d5 8. h5 Bg4 9. f3 Bxh5 10. g4 h6 11. Rxh5 Rg8 12. Ne6 Qd6 13. Qe2 Qg3+ 14. Qf2 Qxf2+ 15. Kxf2 gxh5 16. Nxc7+ Kd7 17. Nxa8 hxg4 18. Nc3 Nc6 19. b4 e6 20. b5 Bc5+ 21. Be3 g3+ 22. Ke2 Nd4+ 23. Kf1 g2+ 24. Kf2 Rxa8 25. Kxg2 Nb3 26. axb3 Bxe3 27. Rh1 Rg8+ 28. Kf1 h5 29. Nd1 Bc5 30. Nf2 Rg3 31. Be2 e5 32. Rh4 Ke6 33. Bd1 Kf5 34. c3 Kg5 35. Rh2 e4 36. fxe4 Bxf2 37. Rxf2 Nxe4 38. Rf7 Rxc3 39. Rxb7 Rc1 40. Ke2 d4 41. Rxa7 Nc3+ 42. Kd3 Rxd1+ 43. Kc2 Re1 44. b6 Re6 45. Rd7 Rxb6 46. Rxd4 Rc6 47. Kd2 h4 48. Ke3 h3 49. Kf2 h2 50. Kg2 Rh6 51. Kh1 Ne2 0-1

[Event "Helsinki We HSK syksy"]
[Site "Helsinki"]
[Date "2017.08.27"]
[Round "4"]
[White "Parkkinen, Jyrki"]
[Black "Elomaa, Arto"]
[Result "1/2-1/2"]
[WhiteElo "2143"]
[BlackElo "2129"]
[PlyCount "60"]
[EventDate "2017.08.25"]
[EventType "swiss"]
[EventRounds "5"]
[EventCountry "FIN"]
[SourceTitle "EXT 2022"]
[Source "ChessBase"]
[SourceDate "2021.10.06"]
[SourceVersion "1"]
[SourceVersionDate "2021.10.06"]
[SourceQuality "1"]

1. c4 Nf6 2. g3 c6 3. Nf3 d5 4. b3 g6 5. Bb2 Bg7 6. Bg2 0-0 7. 0-0 b6 8. Qc2 Bb7 9. d3 c5 10. e3 Nc6 11. a3 e6 12. cxd5 Nxd5 13. Nc3 Nxc3 14. Bxc3 Rc8 15. Bxg7 Kxg7 16. Rfd1 Qe7 17. Qb2+ Qf6 18. Qxf6+ Kxf6 19. b4 Ne7 20. Rac1 cxb4 21. axb4 Rxc1 22. Rxc1 Rc8 23. Ra1 a5 24. bxa5 bxa5 25. Nd2 Bxg2 26. Kxg2 Ra8 27. Ra4 Nc6 28. Nc4 Ne5 29. Rxa5 Rxa5 30. Nxa5 Nxd3 1/2-1/2

[Event "FIN-chT1A 1617"]
[Site "Finland"]
[Date "2017.01.14"]
[Round "5.8"]
[White "Parkkinen, Jyrki"]
[Black "Turner, Neal"]
[Result "1/2-1/2"]
[WhiteElo "2127"]
[BlackElo "2020"]
[PlyCount "93"]
[EventDate "2016.09.17"]
[EventType "team-tourn"]
[EventRounds "7"]
[EventCountry "FIN"]
[SourceTitle "EXT 2019"]
[Source "ChessBase"]
[SourceDate "2018.10.10"]
[SourceVersion "1"]
[SourceVersionDate "2018.10.10"]
[SourceQuality "1"]
[WhiteTeam "Helsinki HSK"]
[BlackTeam "Helsinki SSK"]
[WhiteTeamCountry "FIN"]
[BlackTeamCountry "FIN"]

1. d4 d6 2. Nc3 g6 3. e4 Bg7 4. f4 a6 5. Be3 b5 6. a3 Bb7 7. Nf3 Nd7 8. e5 c5 9. Ng5 h6 10. e6 hxg5 11. exd7+ Qxd7 12. dxc5 gxf4 13. Bxf4 Qe6+ 14. Qe2 Qxe2+ 15. Bxe2 dxc5 16. 0-0-0 Nf6 17. Bf3 Bxf3 18. gxf3 Bh6 19. Bxh6 Rxh6 20. Nd5 Nxd5 21. Rxd5 Rc8 22. h4 c4 23. a4 b4 24. f4 Rc6 25. Kd2 Rd6 26. Rxd6 exd6 27. Ke3 Rh5 28. Kd4 c3 29. bxc3 bxc3 30. Kxc3 Kd7 31. Kd4 Ra5 32. Ra1 Ke6 33. c4 Kf5 34. Ra2 Kg4 35. Rb2 Kxf4 36. Rb6 g5 37. hxg5 Kxg5 38. Rxd6 Rxa4 39. Ke3 Rxc4 40. Rxa6 f5 41. Kf2 Kf4 42. Ra3 Rc2+ 43. Kf1 Rb2 44. Rc3 Kg4 45. Ra3 f4 46. Rc3 f3 47. Rc8 1/2-1/2

[Event "FIN-chT1A 1617"]
[Site "Finland"]
[Date "2016.10.08"]
[Round "3.7"]
[White "Salvi, Tuomas"]
[Black "Parkkinen, Jyrki"]
[Result "0-1"]
[WhiteElo "1735"]
[BlackElo "2127"]
[PlyCount "134"]
[EventDate "2016.09.17"]
[EventType "team-tourn"]
[EventRounds "7"]
[EventCountry "FIN"]
[SourceTitle "EXT 2019"]
[Source "ChessBase"]
[SourceDate "2018.10.10"]
[SourceVersion "1"]
[SourceVersionDate "2018.10.10"]
[SourceQuality "1"]
[WhiteTeam "Turku TuTS II"]
[BlackTeam "Helsinki HSK"]
[WhiteTeamCountry "FIN"]
[BlackTeamCountry "FIN"]

1. d4 d5 2. c4 c5 3. Nf3 Nf6 4. Nc3 cxd4 5. Nxd5 Nxd5 6. cxd5 Qxd5 7. Qxd4 Qxd4 8. Nxd4 a6 9. e4 e5 10. Nb3 Bb4+ 11. Bd2 Bxd2+ 12. Nxd2 0-0 13. Bc4 Nc6 14. 0-0 Nd4 15. Nb3 Be6 16. Bxe6 fxe6 17. Rfd1 Rac8 18. Rd2 Nxb3 19. axb3 Rfd8 20. Rxd8+ Rxd8 21. f3 Rd3 22. Rc1 Rxb3 23. Rc2 Kf7 24. Kf2 g5 25. Kg3 h5 26. h3 a5 27. Kf2 g4 28. Kg3 gxf3 29. Rf2 b5 30. h4 a4 31. gxf3 Ke7 32. Rd2 Rb4 33. Kf2 Rd4 34. Rc2 Rc4 35. Rd2 b4 36. Ke2 b3 37. Ke3 Rb4 38. Rd1 Rc4 39. Rd2 Rc1 40. Ke2 Rh1 41. Kd3 Rc1 42. Ke2 Rc4 43. Ke3 Rc6 44. Ke2 Rd6 45. Rd3 Rb6 46. Rd1 Ra6 47. Rd3 a3 48. bxa3 Rxa3 49. Rd1 b2 50. Rb1 Rb3 51. Kd1 Kd6 52. Kc2 Rxf3 53. Rd1+ Kc5 54. Kxb2 Re3 55. Rh1 Kd4 56. Kc2 Re2+ 57. Kd1 Ra2 58. Rh3 Kxe4 59. Ke1 Kf4 60. Kf1 e4 61. Ke1 e3 62. Kf1 e5 63. Ke1 Ke4 64. Kd1 Kd3 65. Kc1 Ra1+ 66. Kb2 Rg1 67. Kb3 Kd2 0-1

[Event "FIN-chT1A 1617"]
[Site "Finland"]
[Date "2016.09.17"]
[Round "1.5"]
[White "Parkkinen, Jyrki"]
[Black "Linqvist, Grels"]
[Result "1/2-1/2"]
[WhiteElo "2127"]
[BlackElo "2045"]
[PlyCount "89"]
[EventDate "2016.09.17"]
[EventType "team-tourn"]
[EventRounds "7"]
[EventCountry "FIN"]
[SourceTitle "EXT 2019"]
[Source "ChessBase"]
[SourceDate "2018.10.10"]
[SourceVersion "1"]
[SourceVersionDate "2018.10.10"]
[SourceQuality "1"]
[WhiteTeam "Helsinki HSK"]
[BlackTeam "Vaasa VSS"]
[WhiteTeamCountry "FIN"]
[BlackTeamCountry "FIN"]

1. Nf3 Nf6 2. c4 c5 3. g3 Nc6 4. Bg2 g6 5. Nc3 Bg7 6. d4 cxd4 7. Nxd4 Nxd4 8. Qxd4 0-0 9. Bd2 d6 10. Qd3 a6 11. Rb1 Rb8 12. Nd5 Bf5 13. Nxf6+ Bxf6 14. Be4 Bxe4 15. Qxe4 b5 16. 0-0 Qd7 17. b3 Rfc8 18. Rfc1 bxc4 19. Rxc4 d5 20. Rxc8+ Rxc8 21. Qd3 Qb5 22. Qxb5 axb5 23. Rc1 Rxc1+ 24. Bxc1 Bc3 25. e3 e5 26. Kf1 Kf8 27. Ke2 Ke7 28. Kd3 Ba5 29. f3 f5 30. a4 bxa4 31. bxa4 Kd6 32. Ba3+ Kc6 33. e4 fxe4+ 34. fxe4 d4 35. Kc4 Be1 36. g4 h5 37. gxh5 gxh5 38. h3 Ba5 39. Bb2 Be1 40. Bxd4 exd4 41. Kxd4 Kd6 42. Ke3 Ke5 43. Ke2 Ba5 44. Kf3 Be1 45. Ke2 1/2-1/2

[Event "Helsinki We HSK 130"]
[Site "Helsinki"]
[Date "2016.08.26"]
[Round "1"]
[White "Lahdelma, Henri"]
[Black "Parkkinen, Jyrki"]
[Result "1/2-1/2"]
[WhiteElo "1910"]
[BlackElo "2127"]
[PlyCount "86"]
[EventDate "2016.08.26"]
[EventType "swiss"]
[EventRounds "5"]
[EventCountry "FIN"]
[SourceTitle "EXT 2022"]
[Source "ChessBase"]
[SourceDate "2021.10.06"]
[SourceVersion "1"]
[SourceVersionDate "2021.10.06"]
[SourceQuality "1"]

1. d4 d5 2. c4 c5 3. e3 cxd4 4. exd4 Nf6 5. Nc3 e6 6. Nf3 Bb4 7. Bd2 0-0 8. a3 Bxc3 9. bxc3 b6 10. Bd3 dxc4 11. Bxc4 Qc7 12. Bd3 Nbd7 13. 0-0 Bb7 14. Re1 Rfd8 15. Rc1 Rac8 16. Ne5 Nxe5 17. Rxe5 Rd5 18. Bf4 Rxe5 19. Bxe5 Qe7 20. Qa4 Bc6 21. Qb4 Qb7 22. Bxf6 gxf6 23. f3 Kh8 24. Kf2 Qc7 25. g3 Qd7 26. Re1 Bd5 27. Ba6 Bb7 28. Bxb7 Qxb7 29. c4 Qc7 30. Rc1 Kg7 31. c5 Qc6 32. a4 h5 33. a5 e5 34. axb6 axb6 35. dxe5 fxe5 36. Qh4 bxc5 37. Qg5+ Kf8 38. Qxe5 c4 39. Qh8+ Ke7 40. Re1+ Kd7 41. Rd1+ Ke7 42. Re1+ Kd7 43. Rd1+ Ke7 1/2-1/2

[Event "Heart of Finland op 26th"]
[Site "Jyvaskyla"]
[Date "2016.07.22"]
[Round "7"]
[White "Parkkinen, Jyrki"]
[Black "Puittinen, Mika"]
[Result "1-0"]
[WhiteElo "2134"]
[BlackElo "2104"]
[PlyCount "77"]
[EventDate "2016.07.18"]
[EventType "swiss"]
[EventRounds "9"]
[EventCountry "FIN"]
[SourceTitle "CBM 173 Extra"]
[Source "ChessBase"]
[SourceDate "2016.08.29"]
[SourceVersion "1"]
[SourceVersionDate "2016.08.29"]
[SourceQuality "1"]

1. Nf3 d5 2. d4 Nf6 3. e3 e6 4. a3 c5 5. dxc5 Bxc5 6. c4 dxc4 7. Qxd8+ Kxd8 8. Bxc4 Ke7 9. b4 Bd6 10. Bb2 a5 11. b5 Nbd7 12. 0-0 Rd8 13. Nbd2 Nc5 14. Nb3 Nxb3 15. Bxb3 g6 16. Rfd1 Ne4 17. Bc2 Nc5 18. Ne5 Nd7 19. Rxd6 Kxd6 20. Nxf7+ Ke7 21. Nxd8 Kxd8 22. a4 b6 23. Be4 Ra7 24. Rd1 Rc7 25. Bc6 Ke7 26. Ba3+ Kf6 27. Bd6 Ra7 28. f4 g5 29. Kf2 gxf4 30. exf4 Kf5 31. Kf3 h5 32. h3 Nf6 33. g4+ hxg4+ 34. hxg4+ Kg6 35. Rc1 Kf7 36. g5 Ng8 37. g6+ Kf6 38. Be4 Bb7 39. Be5+ 1-0